Apertura, Integración y Pymes Metalmecánica en Córdoba (Registro nro. 25615)

Detalles MARC
000 -LEADER
fixed length control field 00339 a2200109 4500
001 - CONTROL NUMBER
control field ART_11480
005 - DATE AND TIME OF LATEST TRANSACTION
control field 20260410161858.0
008 - FIXED-LENGTH DATA ELEMENTS--GENERAL INFORMATION
fixed length control field 260409a
100 1# - MAIN ENTRY--PERSONAL NAME
Personal name Motta, Jorge J.
245 10 - TITLE STATEMENT
Title Apertura, Integración y Pymes Metalmecánica en Córdoba
773 0# - HOST ITEM ENTRY
Title Revista de Economía
Related parts - Nº 70 (jul./sep. 1993)
Record control number REV11077

No hay ítems disponibles.